00276nam a2200109 a 4500008004100000050001600041245002100057246003600078260002600114300001700140350000900157120416s1984 ||||||||||||||||| || u aTH 2274 Gre10aCode of practice ameans of escape in case of fire aLondonbG. L. Cc1984 a138p. : ill. a0.00